=LDR 00000nam 2200000 4500 =001 INLIS000000000014912 =005 20130612110208 =008 ***********************************Ind** =035 ##$$0010-061300000014912 =041 ##$$a Ind =082 ##$$a 581.5 =090 ##$$a 518.5, Akb c =100 ##$$a Akbar, Hendry =245 ##$$a Cintailah lingkungan galang persatuan, Hendry Akbar =260 ##$$a 2000 $b Yogyakarta =300 ##$$a ix, 86 Hlm, Ilus, 20 Cm =650 ##$$a Ekologi Alam =850 ##$$a NBPNMAT